[Event "World Junior U20 Open 2018"]
[Site "Gebze"]
[Date "2018.09.10"]
[Round "6.49"]
[White "Liyanage, Ranindu Dilshan"]
[Black "Schekachikhin, Maksim"]
[Result "0-1"]
[WhiteElo "1989"]
[BlackElo "2356"]
[Annotator "NA"]
[PlyCount "72"]
[EventDate "2018.09.05"]
[EventType "swiss"]
[EventCountry "TUR"]
[SourceTitle "playchess.com"]
[Source "ChessBase"]
[SourceQuality "1"]
[TimeControl "40/5400+30:1800+30"]

1. e4 {[%emt 0:00:30]} c5 {[%emt 0:00:30]} 2. Nf3 {[%emt 0:00:30]} e6 {[%emt 0:00:00]} 3. d4 {[%emt 0:00:00]} cxd4 {[%emt 0:00:00]} 4. Nxd4 {[%emt 0:00:00]} Nc6 {[%emt 0:00:30]} 5. Nc3 {[%emt 0:00:00]} Qc7 {[%emt 0:00:30]} 6. g3 {[%emt 0:00:00]} a6 {[%emt 0:00:00]} 7. Bg2 {[%emt 0:00:30]} Nf6 {[%emt 0:00:00]} 8. O-O {[%emt 0:00:00]} h5 {[%emt 0:00:30] B47: Sicilian: Taimanov: 5 Nc3 Qc7 6 f4, 6 g3 and 6 Be2} 9. Nf3 {[%emt 0:18:30]} Ng4 {[%emt 0:01:00]} 10. Bf4 {[%emt 0:26:30]} d6 {[%emt 0:01:30] LiveBook: 5 Partien} 11. h3 $146 {[%emt 0:04:30]} ({Predecessor:} 11. Bg5 Nge5 12. a4 Bd7 13. h3 {½-½ (13) Morozevich,A (2739)-Vitiugov,N (2719) Tromsoe 2013}) 11... Nge5 {[%emt 0:00:30]} 12. Nd2 {[%emt 0:01:30]} Be7 {[%emt 0:05:30]} 13. Be3 {[%emt 0:01:30]} Na5 {[%emt 0:04:30]} 14. Bd4 {[%emt 0:04:30]} Bf6 {[%emt 0:07:30]} 15. Na4 {[%emt 0:04:30]} Nd7 {[%emt 0:02:30]} 16. Bxf6 {[%emt 0:01:30]} Nxf6 {[%emt 0:01:30]} 17. c4 {[%emt 0:00:30]} O-O {[%emt 0:06:30]} 18. Rc1 {[%emt 0:03:30]} Nc6 {[%emt 0:06:30]} 19. c5 {[%emt 0:05:30]} dxc5 {[%emt 0:04:30]} 20. Rxc5 {[%emt 0:02:30]} e5 {[%emt 0:56:00]} 21. Qc2 {[%emt 1:26:29]} Be6 {[%emt 0:00:30]} 22. Nf3 $15 {[%emt 0:00:30]} Nd7 {[%emt 0:00:30]} 23. Rc3 {[%emt 0:00:30]} f6 {[%emt 0:00:30]} 24. Nh4 {[%emt 0:02:13]} Rfd8 {[%emt 0:09:30]} 25. Nf5 {[%emt 0:01:21]} Qa5 {[%emt 0:05:30]} 26. Ra3 {[%emt 0:00:52]} Nd4 {[%emt 0:05:30]} 27. Qd1 {[%emt 0:01:36]} Nxf5 {[%emt 0:13:13]} 28. exf5 {[%emt 0:00:05]} Bf7 {[%emt 0:03:49]} 29. Bxb7 {[%emt 0:01:14]} Rab8 {[%emt 0:01:15]} 30. Qf3 {[%emt 0:00:35]} Nb6 {[%emt 0:02:55]} 31. Nxb6 {[%emt 0:00:30]} Qxb6 {[%emt 0:00:02]} 32. Be4 {[%emt 0:04:32]} Qxb2 {[%emt 0:01:05]} 33. Rb1 {[%emt 0:02:09]} Qxb1+ {[%emt 0:00:30]} 34. Kh2 {[%emt 0:02:13]} Qb6 {[%emt 0:01:06]} 35. Qe2 {[%emt 0:00:30]} a5 {[%emt 0:00:24]} 36. Rc3 {[%emt 0:00:18]} Rbc8 {[%emt 0:00:13]} 0-1

[Event "World Junior U20 Open 2018"]
[Site "Gebze"]
[Date "2018.09.10"]
[Round "6.50"]
[White "Arcuti, Davide"]
[Black "Nyambileg, Erdene-Ochir"]
[Result "0-1"]
[WhiteElo "2356"]
[BlackElo "1798"]
[Annotator "NA"]
[PlyCount "160"]
[EventDate "2018.09.05"]
[EventType "swiss"]
[EventCountry "TUR"]
[SourceTitle "playchess.com"]
[Source "ChessBase"]
[SourceQuality "1"]
[TimeControl "40/5400+30:1800+30"]

1. d4 {[%emt 0:00:30]} Nf6 {[%emt 0:00:30]} 2. c4 {[%emt 0:00:00]} g6 {[%emt 0:00:30]} 3. Nc3 {[%emt 0:00:00]} Bg7 {[%emt 0:00:00]} 4. e4 {[%emt 0:00:30]} d6 {[%emt 0:00:00]} 5. f3 {[%emt 0:00:30]} O-O {[%emt 0:00:30]} 6. Be3 {[%emt 0:00:00]} c5 {[%emt 0:00:30]} 7. d5 {[%emt 0:00:30]} Na6 {[%emt 0:06:30]} 8. Qd2 {[%emt 0:03:00]} Nc7 {[%emt 0:06:30]} 9. Bd3 {[%emt 0:09:30] E81: King's Indian: Sämisch: 6th move deviations (including 6 Be3 c6)} (9. Nge2 a6 10. a4 b6 11. g4 e6 12. Ng3 exd5 13. cxd5 Re8 14. Be2 Bb7 15. Bg5 Qd7 16. h4 b5 {½-½ (50) Mozharov,M (2425)-Reutsky,S (2353) Moscow 2007}) 9... a6 {[%emt 0:02:30]} 10. a4 {[%emt 0:00:30]} Rb8 {[%emt 0:00:30]} 11. a5 $146 {[%emt 0:00:30]} ({Predecessor:} 11. Nge2 Bd7 12. O-O b5 13. b3 b4 14. Na2 Nh5 15. Rad1 f5 16. exf5 gxf5 17. Nf4 Qe8 18. Nc1 Kh8 19. Nce2 Be5 20. Nxh5 Qxh5 {1-0 (44) Borsuk,K (2263)-Artemchuk,T (2214) Donetsk 2007}) 11... b5 {[%emt 0:00:30]} 12. axb6 {[%emt 0:00:30]} Rxb6 {[%emt 0:06:30]} 13. Nge2 {[%emt 0:03:30]} e5 {[%emt 0:07:30]} 14. g4 {[%emt 0:19:30]} (14. O-O $16) 14... Bd7 {[%emt 0:05:30]} 15. Ng3 {[%emt 0:05:30]} Qb8 {[%emt 0:03:30]} 16. Ra2 {[%emt 0:05:30]} Qb7 {[%emt 0:05:30]} 17. g5 {[%emt 0:08:30]} Nfe8 {[%emt 0:09:30]} 18. h4 {[%emt 0:00:30]} a5 {[%emt 1:16:00]} 19. h5 {[%emt 1:28:08]} Na6 {[%emt 0:05:43]} 20. Bb1 {[%emt 0:00:30]} Rb3 {[%emt 0:00:30]} 21. Rxa5 {[%emt 0:00:30]} Rxb2 {[%emt 0:00:30]} 22. Qc1 {[%emt 0:00:30]} Nec7 {[%emt 0:00:30]} 23. O-O {[%emt 0:00:30]} Qb4 {[%emt 0:00:30]} 24. Ra1 {[%emt 0:00:30]} Rb8 {[%emt 0:00:30]} 25. Bd3 {[%emt 0:00:30]} Qb3 {[%emt 0:00:30]} 26. Rf2 {[%emt 0:00:30]} Rxf2 {[%emt 0:00:30]} 27. Bxf2 {[%emt 0:00:30]} Qb7 {[%emt 0:00:30]} 28. Bf1 {[%emt 0:00:30]} Nb4 {[%emt 0:02:39]} 29. Kg2 {[%emt 0:03:43]} Qc8 {[%emt 0:01:39]} 30. Ra7 {[%emt 0:01:58]} Ra8 {[%emt 0:02:08]} 31. Rxa8 {[%emt 0:00:39]} Qxa8 {[%emt 0:00:14]} 32. Qb2 {[%emt 0:02:04]} Qd8 {[%emt 0:01:12]} 33. Be3 {[%emt 0:00:30]} f6 {[%emt 0:00:30]} 34. gxf6 {[%emt 0:00:30]} Qxf6 {[%emt 0:01:59]} 35. hxg6 {[%emt 0:04:04]} hxg6 {[%emt 0:00:44]} 36. Qf2 {[%emt 0:01:02]} Qh4 {[%emt 0:02:49]} 37. Kg1 {[%emt 0:00:30]} Bh6 {[%emt 0:00:31]} 38. Bxh6 {[%emt 0:00:41]} Qxh6 {[%emt 0:00:30]} 39. Nb5 {[%emt 0:00:13]} Ne8 {[%emt 0:00:22]} 40. Qg2 {[%emt 0:00:00]} Kf7 {[%emt 0:00:00]} 41. Nh1 {[%emt 0:05:58]} Ke7 {[%emt 0:04:30]} 42. Nf2 {[%emt 0:00:30]} Nf6 {[%emt 0:00:30]} 43. Qg3 {[%emt 0:05:30]} Nc2 {[%emt 0:02:30]} 44. Nd3 {[%emt 0:02:16]} Qe3+ {[%emt 0:01:30]} 45. Qf2 {[%emt 0:00:15]} Qg5+ $15 {[%emt 0:02:30]} 46. Qg2 {[%emt 0:04:01]} Qxg2+ {[%emt 0:00:30]} 47. Bxg2 {[%emt 0:00:07]} Ne3 {[%emt 0:01:30]} 48. Na3 {[%emt 0:00:21]} g5 {[%emt 0:00:30]} 49. Kf2 {[%emt 0:00:43]} Nd1+ {[%emt 0:01:30]} 50. Ke2 {[%emt 0:01:23]} Nc3+ {[%emt 0:00:30]} 51. Kd2 {[%emt 0:00:22]} Na4 {[%emt 0:00:30]} 52. Ke3 {[%emt 0:01:26]} Nh5 {[%emt 0:00:00]} 53. Bf1 {[%emt 0:01:09]} Nb6 {[%emt 0:01:00]} 54. Nf2 {[%emt 0:00:42]} Nf4 {[%emt 0:00:30]} 55. Ng4 {[%emt 0:02:03]} Bxg4 {[%emt 0:02:30]} 56. fxg4 {[%emt 0:00:30]} Kd7 {[%emt 0:00:30]} 57. Kd2 {[%emt 0:00:30]} Ke7 {[%emt 0:00:30]} 58. Ke3 {[%emt 0:00:30]} Nd7 {[%emt 0:00:30]} 59. Kf3 {[%emt 0:00:30]} Nf6 {[%emt 0:00:30]} 60. Nc2 {[%emt 0:00:30]} Ng6 {[%emt 0:03:30]} 61. Bd3 {[%emt 0:00:36]} Kd7 {[%emt 0:00:30]} 62. Ne3 {[%emt 0:04:24]} Nh4+ {[%emt 0:01:30]} 63. Kg3 {[%emt 0:00:01]} Kc7 {[%emt 0:00:30]} 64. Nd1 {[%emt 0:00:37]} Kb6 {[%emt 0:00:30]} 65. Nf2 {[%emt 0:00:33]} Ng6 {[%emt 0:00:00]} 66. Nh3 {[%emt 0:03:44]} Nf4 {[%emt 0:01:00]} 67. Nxg5 {[%emt 0:00:10]} Nxd3 {[%emt 0:00:30]} 68. Kf3 {[%emt 0:00:38]} Nb2 {[%emt 0:00:30]} 69. Nf7 {[%emt 0:00:00]} Nxc4 {[%emt 0:00:00]} 70. g5 {[%emt 0:00:00]} Ne8 {[%emt 0:00:00]} 71. g6 {[%emt 0:00:00]} Kc7 {[%emt 0:00:30]} 72. Nh6 {[%emt 0:00:10]} Nd2+ {[%emt 0:01:30]} 73. Ke3 {[%emt 0:00:19]} Nc4+ {[%emt 0:01:30]} 74. Kd3 {[%emt 0:00:34]} Nb6 {[%emt 0:00:30]} 75. Nf5 {[%emt 0:00:36]} Nd7 {[%emt 0:00:00]} 76. Kc4 {[%emt 0:00:16]} Ndf6 {[%emt 0:00:00]} 77. g7 {[%emt 0:00:04]} Kb6 {[%emt 0:00:30]} 78. Kd3 {[%emt 0:00:48]} Kb5 {[%emt 0:00:00]} 79. Ke3 {[%emt 0:00:46]} c4 {[%emt 0:00:00]} 80. Ke2 {[%emt 0:00:00]} Kb4 {[%emt 0:00:30]} 0-1

[Event "World Junior U20 Open 2018"]
[Site "Gebze"]
[Date "2018.09.10"]
[Round "6.51"]
[White "Ozsakallioglu, Okan"]
[Black "Sawlin, Leonid"]
[Result "0-1"]
[WhiteElo "1955"]
[BlackElo "2355"]
[Annotator "NA"]
[PlyCount "96"]
[EventDate "2018.09.05"]
[EventType "swiss"]
[EventCountry "TUR"]
[SourceTitle "playchess.com"]
[Source "ChessBase"]
[SourceQuality "1"]
[TimeControl "40/5400+30:1800+30"]

1. e4 {[%emt 0:00:30]} g6 {[%emt 0:02:30]} 2. d4 {[%emt 0:00:30]} Bg7 {[%emt 0:00:30]} 3. Nc3 {[%emt 0:00:00]} d6 {[%emt 0:00:30]} 4. f4 {[%emt 0:00:00]} a6 {[%emt 0:00:30]} 5. Nf3 {[%emt 0:00:30]} b5 {[%emt 0:00:30]} 6. Bd3 {[%emt 0:00:00]} Nd7 {[%emt 0:00:00]} 7. e5 {[%emt 0:00:00]} c5 {[%emt 0:00:00] B06: Moderne Verteidigung} 8. Be4 {[%emt 0:00:30]} Rb8 {[%emt 0:00:00]} 9. O-O {[%emt 0:00:00]} (9. Be3 b4 10. Ne2 Nh6 11. dxc5 Nxc5 12. Bxc5 dxc5 13. Bc6+ Bd7 14. Qd5 Rc8 15. Bxd7+ Qxd7 16. Qxd7+ Kxd7 {1-0 (41) Yu,Y (2760)-Adhiban,B (2655) chess.com INT 2018}) 9... b4 {[%emt 0:08:00]} 10. Ne2 {[%emt 0:04:00]} Qc7 {[%emt 0:00:30]} 11. c3 {[%emt 0:01:30]} Nh6 {[%emt 0:00:30]} 12. h3 {[%emt 0:01:30]} O-O {[%emt 0:01:30]} 13. Be3 {[%emt 0:00:00]} a5 {[%emt 0:04:30]} 14. Qc1 $146 {[%emt 0:00:00]} ({Vorgänger:} 14. Qe1 Ba6 15. e6 fxe6 {0-1 (25) Tronenkovs,V (2305)-Ladva,O (2522) Tallinn 2018}) 14... Ba6 {[%emt 0:00:30]} 15. Rf2 {[%emt 0:00:00]} Kh8 {[%emt 0:00:30]} 16. g4 {[%emt 0:09:00]} Ng8 {[%emt 0:09:30]} ({Better is} 16... f5 $11 17. exf6 Nxf6) 17. Ng5 {[%emt 0:02:30]} Bh6 {[%emt 0:05:30]} 18. h4 {[%emt 0:04:30]} Qc8 {[%emt 0:02:30]} 19. e6 {[%emt 0:00:30]} fxe6 {[%emt 0:02:30]} 20. Nxe6 {[%emt 0:00:30]} Ndf6 $1 {[%emt 0:01:30]} 21. f5 {[%emt 0:10:30]} Bxe3 {[%emt 0:31:30]} 22. Qxe3 {[%emt 0:00:30]} Nxg4 {[%emt 0:00:30]} 23. Qg5 $17 {[%emt 0:28:30]} Qxe6 {[%emt 1:07:30]} 24. fxe6 {[%emt 0:00:30]} Nxf2 {[%emt 0:00:30]} 25. Qd5 {[%emt 0:00:30]} Nxe4 {[%emt 0:00:30]} 26. Qxe4 {[%emt 0:00:30]} bxc3 {[%emt 0:00:30]} 27. bxc3 {[%emt 0:00:30]} Rb2 {[%emt 0:00:30]} 28. Nf4 {[%emt 0:00:30]} Nf6 {[%emt 0:00:30]} 29. Qf3 {[%emt 0:00:30]} Kg8 {[%emt 0:00:30]} 30. Qg3 {[%emt 0:00:30]} cxd4 {[%emt 0:00:30]} 31. cxd4 {[%emt 0:00:30]} Rc8 {[%emt 0:00:30]} 32. h5 {[%emt 0:00:30]} g5 {[%emt 0:00:30]} 33. Qxg5+ {[%emt 0:00:30]} Kh8 {[%emt 0:00:30]} 34. Qh6 {[%emt 0:00:30]} Kg8 {[%emt 0:00:30]} 35. Qg5+ {[%emt 0:00:30]} Kh8 {[%emt 0:00:30]} 36. Qh6 {[%emt 0:00:30]} Bd3 {[%emt 0:00:30]} 37. Nxd3 {[%emt 0:00:30]} Rg8+ {[%emt 0:00:30]} 38. Kf1 {[%emt 0:00:30]} Ng4 {[%emt 0:00:30]} 39. Nxb2 {[%emt 0:00:30]} Nxh6 {[%emt 0:00:30]} 40. Nc4 {[%emt 0:00:30]} Rg5 {[%emt 0:00:30]} 41. Rb1 {[%emt 0:30:30]} Kg7 {[%emt 0:30:30]} 42. a4 {[%emt 0:00:30]} Rd5 {[%emt 0:00:30]} 43. Rb5 {[%emt 0:01:30]} Rxd4 {[%emt 0:04:30]} 44. Nxa5 {[%emt 0:00:30]} Rxa4 {[%emt 0:00:30]} 45. Nc6 {[%emt 0:00:30]} Kf6 {[%emt 0:00:30]} 46. Rb7 {[%emt 0:00:00]} Nf5 {[%emt 0:00:00]} 47. Nd8 {[%emt 0:02:00]} Ra8 {[%emt 0:01:00]} 48. Rd7 {[%emt 0:00:30]} Ng3+ {[%emt 0:00:30]} 0-1

[Event "World Junior U20 Open 2018"]
[Site "Gebze"]
[Date "2018.09.10"]
[Round "6.52"]
[White "Bashirli, Nail"]
[Black "Gunduz, Umut Erdem"]
[Result "1-0"]
[WhiteElo "2354"]
[BlackElo "2119"]
[Annotator "NA"]
[PlyCount "79"]
[EventDate "2018.09.05"]
[EventType "swiss"]
[EventCountry "TUR"]
[SourceTitle "playchess.com"]
[Source "ChessBase"]
[SourceQuality "1"]
[TimeControl "40/5400+30:1800+30"]

1. e4 {[%emt 0:02:30]} e5 {[%emt 0:00:30]} 2. Nf3 {[%emt 0:00:30]} Nc6 {[%emt 0:00:30]} 3. d4 {[%emt 0:00:00]} exd4 {[%emt 0:00:00]} 4. Bc4 {[%emt 0:00:00]} Bc5 {[%emt 0:09:00]} 5. c3 {[%emt 0:01:30]} Nf6 {[%emt 0:01:30]} 6. e5 {[%emt 0:01:30]} d5 {[%emt 0:00:30]} 7. Bb5 {[%emt 0:01:30]} Ne4 {[%emt 0:00:30]} 8. Nxd4 {[%emt 0:06:30]} O-O {[%emt 0:05:30]} 9. Bxc6 {[%emt 0:01:30]} bxc6 {[%emt 0:00:30]} 10. O-O {[%emt 0:00:30]} f6 {[%emt 0:20:30]} 11. e6 {[%emt 0:27:30]} Qd6 {[%emt 0:13:30]} 12. Nd2 {[%emt 0:04:30]} Nxd2 {[%emt 0:04:30]} 13. Bxd2 {[%emt 0:02:30]} Bxe6 {[%emt 0:01:30]} 14. Bf4 {[%emt 0:02:30]} Qd7 {[%emt 0:01:30]} 15. Qa4 {[%emt 1:06:30]} Bb6 $11 {[%emt 1:16:30]} 16. Qxc6 {[%emt 0:00:30]} Rfe8 {[%emt 0:00:30]} 17. Rfe1 {[%emt 0:00:30]} Qxc6 {[%emt 0:00:30]} 18. Nxc6 {[%emt 0:00:30]} Kf7 {[%emt 0:00:30]} 19. a4 {[%emt 0:03:30]} Bd7 {[%emt 0:08:25]} 20. Nb4 {[%emt 0:03:30]} g5 {[%emt 0:03:19]} 21. Be3 {[%emt 0:05:56]} c6 {[%emt 0:04:34]} 22. a5 {[%emt 0:05:57]} Bc7 {[%emt 0:03:16]} 23. Na6 {[%emt 0:00:14]} Bd6 {[%emt 0:02:36]} 24. Bc5 {[%emt 0:00:24]} Be5 {[%emt 0:01:15]} 25. Bd4 {[%emt 0:00:04]} Bd6 {[%emt 0:00:29]} 26. Rxe8 {[%emt 0:01:46]} Bxe8 {[%emt 0:00:32]} 27. Re1 {[%emt 0:00:34]} Bd7 {[%emt 0:00:24]} 28. Nc5 {[%emt 0:00:20]} Bxc5 {[%emt 0:00:35]} 29. Bxc5 {[%emt 0:00:43]} Be6 {[%emt 0:00:04]} 30. a6 {[%emt 0:00:10]} Rd8 {[%emt 0:00:30]} 31. Ra1 {[%emt 0:00:30]} Rd7 {[%emt 0:00:54]} 32. Kf1 {[%emt 0:03:10]} Bf5 {[%emt 0:00:30]} 33. Ke2 {[%emt 0:00:30]} Bc2 {[%emt 0:00:30]} 34. Ra3 {[%emt 0:00:30]} Ke6 {[%emt 0:00:30]} 35. Kd2 {[%emt 0:00:08]} Bf5 {[%emt 0:00:33]} 36. Rb3 {[%emt 0:00:30]} Rc7 {[%emt 0:00:30]} 37. Rb7 {[%emt 0:00:30]} Kd7 {[%emt 0:00:30]} 38. Bxa7 {[%emt 0:00:30]} Kc8 {[%emt 0:00:30]} 39. Rb8+ {[%emt 0:00:30]} Kd7 {[%emt 0:00:30]} 40. Bb6 {[%emt 0:00:30]} 1-0

[Event "World Junior U20 Open 2018"]
[Site "Gebze"]
[Date "2018.09.10"]
[Round "6.53"]
[White "Kara, Yanki"]
[Black "Martinez Alcantara, Jose Eduardo"]
[Result "1/2-1/2"]
[WhiteElo "2262"]
[BlackElo "2565"]
[Annotator "TA"]
[PlyCount "103"]
[EventDate "2018.09.05"]
[EventType "swiss"]
[EventCountry "TUR"]
[SourceTitle "playchess.com"]
[Source "ChessBase"]
[SourceQuality "1"]

{[%evp 16,103,14,0,19,0,0,5,18,16,27,18,25,19,18,19,75,48,50,38,48,48,106,103,120,79,83,68,62,60,71,55,82,83,85,80,80,77,87,72,72,41,34,42,34,34,41,33,34,14,9,0,33,0,0,0,29,29,52,0,0,0,0,0,0,0,0,-8,0,0,0,0,0,0,0,0,0,0,7,7,9,0,0,12,15,5,16,0,0,0]} 1. Nf3 Nf6 2. c4 e6 3. g3 b6 4. Bg2 Bb7 5. O-O g6 6. d4 {[%cal Bd2d4,Bd4d5][%mdl 32]} Bg7 7. Nc3 Ne4 {E16: Queen's Indian: 4 g3 Bb7 5 Bg2 Bb4+} (7... O-O 8. d5 exd5 9. cxd5 Re8 10. Nd4 c5 11. Ndb5 d6 12. Bf4 Bf8 13. a4 a6 14. Na3 Nh5 15. Bd2 Nd7 {1-0 (47) Ponomariov,R (2686)-Hou,Y (2658) Shenzhen 2018}) 8. Bd2 O-O 9. Qc2 {LiveBook: 8 Games} f5 $146 ({Predecessor:} 9... Nxd2 10. Qxd2 d6 11. e4 Nd7 12. Rfd1 a6 13. Rac1 b5 14. Qd3 b4 15. Ne2 c5 {0-1 (52) Tica,S (2442)-Bernadskiy,V (2584) Budapest 2018}) 10. Rfd1 Qe7 11. d5 Na6 12. Nxe4 fxe4 13. Qxe4 Bxb2 14. Rab1 Bf6 15. Be3 e5 (15... Rae8 $11) 16. Qc2 d6 17. Bh3 Kh8 18. Bg4 c5 (18... c6 $14) 19. h4 $16 Nc7 20. Bh6 Bg7 21. Bxg7+ Kxg7 22. Ng5 h6 23. Ne4 Bc8 24. Bxc8 Raxc8 25. Kg2 Rcd8 26. Rd3 Rf5 27. Ra3 Ne8 28. Rf3 (28. g4 {is interesting.} Rf7 29. g5 h5 30. e3 Qd7 31. f3) 28... Nf6 29. Nxf6 Qxf6 30. Qe4 Rf8 31. Rbb3 Qe7 32. Ra3 R8f7 33. Rab3 Qb7 34. Qg4 h5 35. Qe4 Qd7 36. Rb5 Qe8 37. Kg1 (37. a4 $14) 37... Qc8 {The position is equal.} 38. Rbb3 (38. a3 {with more complications.} Qb7 39. Kg2 a6 40. Rb1 b5 41. Qc2) 38... Rxf3 39. Rxf3 Rxf3 40. Qxf3 $11 {[%mdl 4096] Endgame KQ-KQ} b5 41. Qa3 Qc7 42. Qa6 bxc4 43. Qxc4 Qb7 44. a3 Qb1+ 45. Kg2 Qd1 46. e4 {Threatens to win with Qb5.} Qb1 47. Qa4 {White wants to play Qd7+.} Kf6 48. Qc6 Qxe4+ 49. Kh2 Qd4 50. Qxd6+ Kf5 51. f3 {[%cal Rd6f8] [#]} Qf2+ 52. Kh3 {Precision: White = 60%, Black = 50%.} 1/2-1/2

[Event "World Junior U20 Open 2018"]
[Site "Gebze"]
[Date "2018.09.10"]
[Round "6.54"]
[White "Sanal, Vahap"]
[Black "Samani, Yamac"]
[Result "1-0"]
[WhiteElo "2502"]
[BlackElo "2226"]
[Annotator "TA"]
[PlyCount "107"]
[EventDate "2018.09.05"]
[EventType "swiss"]
[EventCountry "TUR"]
[SourceTitle "playchess.com"]
[Source "ChessBase"]
[SourceQuality "1"]

{[%evp 13,107,40,74,79,79,-42,-43,-46,-38,-50,-54,-62,-29,-30,-31,-32,-25,-16,-23,-30,-4,-50,0,-56,19,-21,0,0,0,6,24,8,0,0,24,0,0,0,0,-35,-49,-55,-29,-77,-50,-93,-84,-116,-116,-102,-63,-75,-70,-116,-88,-92,-38,-107,58,-117,-111,-107,-95,-129,18,10,277,273,315,335,333,333,402,402,381,379,528,523,613,624,594,584,851,754,1876,1882,1741,1566,1422,1333,1206,1082,1271,895,29978,758]} 1. e4 e5 2. Nf3 {[%cal Bg1f3,Bf3d4,Bd4b5][%mdl 32]} d6 3. d4 exd4 4. Nxd4 Nf6 5. Nc3 Be7 6. Bf4 O-O 7. Qd2 d5 8. Ndb5 {C41: Philidor Defence} Bb4 9. f3 ({Of course not} 9. Bxc7 Qe7 $11) (9. O-O-O $16 c6 10. Nc7 Nxe4 11. Qe3) (9. O-O-O c6 10. Nc7 Nxe4 11. Qd4 Bxc3 12. bxc3 Qe7 13. c4 Qa3+ 14. Qb2 Qa5 15. cxd5 Nxf2 {1-0 (29) Ragger,M (2644)-Schneider,I (2509) Austria 2017}) 9... Ba5 $1 $15 10. O-O-O {[%cal Re4d5] Black is slightly better.} a6 11. Na3 c6 {...b5 is the strong threat.} 12. Nab1 $146 ({Predecessor:} 12. Qe3 b5 13. Nab1 Bb6 14. Qe1 d4 15. g4 Be6 {0-1 (43) Antoli Royo,J (2441)-Argandona Riveiro,I (2453) Monzon 2016}) 12... Be6 13. Qf2 $1 Nbd7 14. exd5 cxd5 15. Ne2 Rc8 16. Nd4 Nc5 17. h4 Qd7 18. b3 (18. g4 $11) 18... Ne8 (18... Nh5 $15 19. Bh2 f5) 19. Qg3 (19. h5 {with more complications.} Qd8 20. h6 g6 21. Bd2 Bb6 22. Nc3) 19... Bc7 20. Bxc7 Rxc7 21. Qf4 Nd6 22. g4 Rfc8 23. h5 h6 24. Rh2 f6 25. Qd2 Bf7 26. Qf4 Ne6 27. Nxe6 Bxe6 28. Bd3 b5 29. Qd4 Nf7 $1 30. Rhd2 Ne5 31. Be2 Nc6 32. Qf4 Qe7 33. a3 Qc5 {aiming for ...Na5.} 34. Kb2 a5 (34... d4 $17) 35. Bd3 (35. Nc3 $1 $15 Na7 36. Nb1) 35... b4 $2 ({Black should try} 35... d4 $1 $17 {And now ...a4 would win.} 36. Ka1 (36. Qe4 Ne5 $17) 36... Kf8) 36. a4 $2 (36. Ba6 $14 {was the only good move.}) 36... Ne5 $17 37. Bf5 Bxf5 38. Qxf5 {[#]} Kh8 (38... d4 $1 $17 {[%mdl 512] Threatens to win with ...d3!} 39. Qe4 (39. Rxd4 Qxc2+) 39... Kf8) 39. Ka1 $11 Rd8 $2 {[%mdl 8192]} (39... Rg8 $11 {and Black stays safe.}) 40. f4 $18 Nf7 41. Rxd5 Rxd5 42. Rxd5 Qc6 43. Rxa5 Rc8 44. Qd5 Qc7 45. Ra8 Rd8 46. Rxd8+ Nxd8 47. Nd2 Qc3+ 48. Kb1 Nc6 49. Ne4 Qe1+ 50. Kb2 Ne7 51. Qd8+ Ng8 52. Qd4 Ne7 53. Qc4 Kh7 54. Nc5 {Precision: White = 55%, Black = 30%.} (54. Qe6 $142 Qg1 55. Qxe7 Qb6 56. Nxf6+ Qxf6+ 57. Qxf6 gxf6 58. f5 Kg8 59. a5) 1-0

[Event "World Junior U20 Open 2018"]
[Site "Gebze"]
[Date "2018.09.10"]
[Round "6.55"]
[White "Ozen, Deniz"]
[Black "Can, Melih Kaan"]
[Result "1-0"]
[WhiteElo "2431"]
[BlackElo "2195"]
[Annotator "TA"]
[PlyCount "109"]
[EventDate "2018.09.05"]
[EventType "swiss"]
[EventCountry "TUR"]
[SourceTitle "playchess.com"]
[Source "ChessBase"]
[SourceQuality "1"]

{[%evp 28,109,39,42,135,125,136,125,137,130,142,125,150,144,145,51,53,51,43,48,50,49,46,47,67,69,68,66,63,61,64,45,62,64,76,41,72,63,87,67,122,121,210,204,258,266,267,270,387,388,335,333,544,530,536,536,527,525,520,497,437,461,631,612,1089,1110,1049,969,1433,1301,1654,1535,2706,2472,4622,4622,4622,4622,3338,4622,29965,6725,6729,6674]} 1. e4 {Wedberg,T} e5 2. Nf3 Nc6 3. Bb5 a6 4. Ba4 Nf6 5. O-O Be7 6. Re1 b5 7. Bb3 O-O 8. c3 d6 9. h3 Nb8 10. d4 Nbd7 11. Nbd2 Bb7 12. Bc2 Re8 13. a4 Bf8 14. Bd3 d5 {C95: Closed Ruy Lopez: Breyer Variation with 10 d4} 15. axb5 {LiveBook: 3 Games} exd4 (15... dxe4 $14 16. Nxe4 Nxe4) 16. e5 $16 (16. bxa6 $6 dxe4 17. axb7 Rxa1 $15) 16... dxc3 {White is better.} 17. Nb3 $1 {[%cal Rb5a6]} ({Much worse is} 17. exf6 $6 Rxe1+ 18. Nxe1 (18. Qxe1 Qxf6 19. bxc3 Qxc3 $15) 18... cxd2 $11) (17. bxc3 $6 Nc5 $11) (17. bxa6 $6 cxd2 18. Bxd2 Bxa6 $14) 17... Ne4 18. bxa6 Bc8 19. bxc3 Ndc5 20. Nxc5 $1 Bxc5 {[#]} 21. Bxe4 $146 (21. Be3 $16) ({Predecessor:} 21. Be3 Bxe3 22. Rxe3 {1-0 (34) Sokolov,A (2585)-Notkin,M (2520) Elista 1996 CBM 056 [Wedberg,T]}) 21... dxe4 $14 22. Qxd8 Rxd8 23. Ng5 Rxa6 24. Rxa6 Bxa6 25. Nxe4 Bb6 26. Be3 Bxe3 27. Rxe3 {[%mdl 4096] Endgame KRB-KRN} Rd5 28. f4 Kf8 29. Re1 Ke7 30. Kf2 Ra5 31. g4 Ra2+ 32. Ke3 Bb7 33. Kd4 Rh2 {[#]} ({Black should play} 33... Bxe4 $14 34. Kxe4 Ra4+ 35. Kf3 Rc4) 34. Re3 $1 $16 Bc8 {[#]} (34... g6 $16 35. Nc5 Rd2+ 36. Rd3 Rxd3+ 37. Kxd3 Bc8) 35. f5 $1 $18 h6 36. c4 Ra2 37. Nc3 Rd2+ (37... Ra6 $142 38. Nd5+ Kd8) 38. Kc5 Bb7 39. Nd5+ Kd8 $2 (39... Bxd5 {is a better defense.} 40. cxd5 Rc2+ 41. Kd4 Rd2+ 42. Rd3 Rb2) 40. Rb3 Bxd5 {KRB-KR} 41. Rb8+ ({Less strong is} 41. cxd5 Rc2+ 42. Kd4 Rd2+ 43. Kc4 Rc2+ 44. Kd3 Rc5 $18) 41... Ke7 {Strongly threatening ...Bg2.} 42. cxd5 {KR-KR} Rc2+ 43. Kd4 Rd2+ 44. Kc4 Rc2+ 45. Kd3 Rh2 46. Rc8 Kd7 47. Rg8 Rxh3+ 48. Ke4 Ke7 49. e6 g6 50. Rg7 gxf5+ 51. gxf5 Kd6 52. Rxf7 Rh4+ 53. Kf3 Rh3+ 54. Kg4 Re3 55. Kf4 {Precision: White = 76%, Black = 36%.} 1-0